Ontario Cities A-Z - Statistics

General Stats
  • This quiz has been taken 51 times
  • The average score is 13 of 23
Answer Stats
Hint Answer % Correct
O Canada's Capital Ottawa
98%
T Canada's largest City Toronto
98%
N Site of a big waterfall Niagara Falls
93%
M Home of Pearson International Airport Mississauga
91%
W Across the River from Detroit, MI Windsor
86%
H Steeltown Hamilton
79%
K Formerly known as Berlin Kitchener
79%
L Situated on the River Thames London
79%
S Home of the world's largest coin Sudbury
74%
V Canada's Wonderland Vaughan
74%
B On the shores of Lake Simcoe Barrie
72%
G The Royal City Guelph
49%
F Across the river from Buffalo, NY Fort Erie
47%
P Home to a historic lift-lock Peterborough
44%
R Suburb of T with a similar name to a suburb of Vancouver Richmond Hill
40%
U A town in Durham Region Uxbridge
37%
D shares a name with a famous ice hockey goalie Dryden
28%
I On Highway 401 between L and K Ingersoll
28%
Q Terminus of the Trent-Severn Canal Quinte West
28%
A Named after a Greek Hero Ajax
23%
J A town in Haldimand County Jarvis
21%
C Where Tecumseh was killed in battle Chatham
19%
E Uranium mine turned retirement community Elliot Lake
12%
No matching quizzes found
Score Distribution
Percent of People with Each Score
Percentile by Number Answered
Your Score History
You have not taken this quiz